Morts des Hunger Games - dans l'ordre - Statistiques

Statistiques générales
  • Ce quiz a été pris 15 fois
  • Le résultat moyen est 17 sur 56
Statistiques - réponses
Réponse % Correct
74e Hunger Games 3e Cato (2)
90%
74e Hunger Games 4e La Renarde (5)
90%
74e Hunger Games 5e Thresh (11)
90%
74e Hunger Games 6e Clove (2)
80%
74e Hunger Games 12-11e Glimmer (1) | fille du 4
80%
74e Hunger Games 8e Marvel (1)
70%
74e Hunger Games 7e Rue (11)
70%
50e Hunger Games 2e Silka (1)
70%
75e Hunger Games 7e Brutus (2)
60%
75e Hunger Games 15e Mags (4)
60%
75e Hunger Games 10e Cashmere (1)
50%
75e Hunger Games 11e Gloss (1)
50%
50e Hunger Games 49e Louella (12)
50%
75e Hunger Games 12e Wiress (3)
50%
50e Hunger Games 26e Ampert (3)
40%
75e Hunger Games 8e Chaff (11)
40%
50e Hunger Games 4e Maysilee (12)
40%
10e Hunger Games 2e Reaper (11)
40%
50e Hunger Games 3e Wellie (6)
40%
50e Hunger Games 50e Woodbine (12)
40%
10e Hunger Games 24e Brandy (10)
30%
50e Hunger Games 27e Lou-Lou
30%
10e Hunger Games 15e Marcus (2)
30%
50e Hunger Games 11e Panache (1)
30%
75e Hunger Games 16e Blight (7)
20%
10e Hunger Games 6e Coral (4)
20%
75e Hunger Games 14e Droguée du 6
20%
74e Hunger Games 13e Fille du 8
20%
74e Hunger Games 9e Garçon du 3
20%
10e Hunger Games 16e Hy (5)
20%
10e Hunger Games 11e Jessup (12)
20%
50e Hunger Games 5e Maritte (4)
20%
50e Hunger Games 10-9e Ringina | Autumn (7)
20%
10e Hunger Games 9e Tanner (10)
20%
10e Hunger Games 3e Treech (7)
20%
10e Hunger Games 8e Wovey (8)
20%
50e Hunger Games 12e Angler (4)
10%
50e Hunger Games 13e Barba (4)
10%
10e Hunger Games 13e Bobbin (8)
10%
50e Hunger Games 8-7e Buck (10) | Chicory (11)
10%
50e Hunger Games 30-29e Carat (1) | Urchin (4)
10%
10e Hunger Games 7e Circ (3)
10%
10e Hunger Games 14e Dill (11)
10%
10e Hunger Games 21-20e Facet | Velvereen (1)
10%
74e Hunger Games 10e Garçon du 10
10%
10e Hunger Games 10e Lamina (7)
10%
50e Hunger Games 28e Loupe (1)
10%
10e Hunger Games 5e Mizzen (4)
10%
10e Hunger Games 23-22e Otto | Ginnee (6)
10%
10e Hunger Games 18-17e Panlo | Sheaf (9)
10%
10e Hunger Games 19e Sabyn (2)
10%
10e Hunger Games 12e Sol (5)
10%
10e Hunger Games 4e Teslee (3)
10%
75e Hunger Games 13e Femme du 5
0%
75e Hunger Games 9e Homme du 10
0%
50e Hunger Games 6e Hull (11)
0%
Aucun quiz correspondant
Distribution des résultats
% des personnes avec chaque résultat
Percentile par nombre de réponses
Votre historique - résultats
Vous n’avez pas pris ce quiz